| 000 | 00556nam a22001817a 4500 | ||
|---|---|---|---|
| 003 | CEME | ||
| 005 | 20210628204158.0 | ||
| 008 | 210113b xxu||||| |||| 00| 0 eng d | ||
| 020 | _a069105830X | ||
| 040 | _cceme | ||
| 082 | _a530.414 HEN | ||
| 100 |
_aHensel, Friedrich , Warren, William W _969146 |
||
| 245 | _aFluid metals , the liquid vapor transition of metals | ||
| 260 |
_aNEW JERSEY _bPRINCETON UNIVERSTY PRESS _c1999 |
||
| 300 | _aXII, 243P | ||
| 650 |
_aFLUID METALS.LIQUID METALS.LIQUID VAPOR TRANSITION OF METALS _969147 |
||
| 942 |
_cBK _2ddc |
||
| 999 |
_c576537 _d576537 |
||